| 000 | 01610cam a22003611i 4500 | ||
|---|---|---|---|
| 003 | SA-RiAUC | ||
| 005 | 20241128081643.0 | ||
| 008 | 241128s2003 ir g b 000 0 ara c | ||
| 040 |
_aIQ-KaIHL _bara _cSA-RiAUC. _erda |
||
| 050 | 4 | _b.W38 2004 | |
| 082 | 0 | 4 |
_a247 _qSA-RiAUC |
| 090 |
_a247 _bو ا ث |
||
| 100 | 1 |
_aالواثقي، حسين _eمؤلف. |
|
| 245 | 1 | 0 |
_aحجة الوداع كما رواها أهل البيت عليهم السلام ؛ _bويليها [ميزات] الحج الجاهلي ؛ حج النبي ؛ عمرات النبي ؛ من مكيات المعصومين عليهم السلام ؛ العريض / _cتأليف حسين الواثقي. |
| 250 | _aالطبعة الأولى. | ||
| 264 | 1 |
_aقم، إيران : _bمركز فقه الأئمة الأطهار عليهم السلام، _c[2003] |
|
| 300 |
_a599 صفحة ؛ _c24 سم |
||
| 336 |
_aنص _btxt _2rdacontent _3كتاب |
||
| 337 |
_aبدون وسيط _bn _2rdamedia |
||
| 338 |
_aمجلد _bnc _2rdacarrier |
||
| 504 | _aببليوجرافية : صفحة [567]-591. | ||
| 504 | _aيشتمل على ببليوجرافية. | ||
| 650 | 7 |
_aعقائد الشيعة _2aucsh |
|
| 650 | 7 |
_aأهل بيت الرسول (شيعة) _2aucsh |
|
| 650 | 7 |
_aالسيرة النبوية _xحجة الوداع _2aucsh |
|
| 740 | 0 | 2 | _aميزات الحج الجاهلي. |
| 740 | 0 | 2 | _aحج النبي . |
| 740 | 0 | 2 | _aعمرات النبي. |
| 740 | 0 | 2 | _aمن مكيات المعصومين عليهم السلام. |
| 740 | 2 | 2 | _aالعريض. |
| 942 |
_2ddc _cBOOK _n0 |
||
| 949 |
_aSA-JeALM _d241128 _umohamedma123 _n1 |
||
| 999 |
_c2838 _d2838 |
||